| 000 | 00716nam a2200217 a 4500 | ||
|---|---|---|---|
| 001 | 000038718 | ||
| 005 | 20201002031340.0 | ||
| 008 | 130419s1979 sp ac 000 0 spa d | ||
| 020 | _a8429714979 | ||
| 040 |
_aDO-SdBNP _bspa _cBNPHU |
||
| 245 | 0 | 0 |
_a¿Qué pasa con la sanidad? / _cprólogo J. Artigas, J. Martí, H. Pardell. |
| 260 |
_aBarcelona : _bServeis de Cultura Popular, _c1979. |
||
| 300 |
_a96 p. : _bils., retrs. ; _c23 cm. |
||
| 490 | 1 |
_aLa Rambla _vno. 8 |
|
| 500 | _aIncluye notas al pie de las páginas | ||
| 504 | _aBibliografía : p. 95 | ||
| 700 | 1 |
_aArtigas, J., _epról. _965025 |
|
| 700 | 1 |
_aMartí, J., _epról. _965026 |
|
| 700 | 1 |
_aPardel, H., _epról. _965027 |
|
| 830 | 0 |
_aLa Rambla _n8 _965028 |
|
| 999 |
_c38208 _d38208 |
||